| 000 -ლიდერი |
| ფიქსირებული სიგრძის საკონტროლო ველი |
01769nam a2200265Ia 4500 |
| 001 - საკონტროლო ნომერი |
| საკონტროლო ველი |
23350 |
| 003 - საკონტროლო ნომრის იდენტიფიკატორი |
| საკონტროლო ველი |
GE_BSU |
| 005 - ბოლო ოპერაციის თარიღი და დრო |
| საკონტროლო ველი |
20260109200131.0 |
| 008 - ფიქსირებული სიგრძის მონაცემთა ელემენტები - ზოგადი ინფორმაცია |
| ფიქსირებული სიგრძის საკონტროლო ველი |
181216s1974||||ge |||||||||||||| ||geo|| |
| 040 ## - კატალოგიზაციის წყარო |
| Transcribing agency |
GE_BSU |
| 041 ## - ენის კოდი |
| Language code of text/sound track or separate title |
geo |
| 080 ## - უნივერსალური ათობითი კლასიფიკაციის ინდექსი |
| Universal Decimal Classification number |
355.48(479.22) + 94(479.22:470) მ-47 |
| 100 ## - მთავარი ჩანაწერი - პიროვნების სახელი |
| Personal name |
მეგრელიძე, შამშე |
| 9 (RLIN) |
26634 |
| 245 ## - ცნობა სათაურის შესახებ |
| Title |
საქართველო აღმოსავლეთის ომებში : |
| Remainder of title |
(ქართველი და რუსი ხალხების საბრძოლო თანამეგობრობის ისტორიიდან) / |
| Statement of responsibility, etc |
შამშე მეგრელიძე ; რედ.: ი. სიხარულიძე ; ს. ჯანაშიას სახ. საქართველოს სახელმწ. მუზეუმი. |
| 264 ## - წარმოების, გამოცემის, დისტრიბუციის და სხვა ცნობები |
| გამოცემის, წარმოების, დისტრიბუციის... ადგილი |
თბილისი : |
| გამოცემის, წარმოების, დისტრიბუციის... სახელწოდება |
მეცნიერება, |
| გამოცემის, წარმოების, დისტრიბუციის... თარიღი |
1974. |
| 300 ## - ფიზიკური აღწერა |
| Extent |
96 გვ. : |
| Other physical details |
16 ფ. ილ. ; |
| Dimensions |
21 სმ. |
| 500 ## - ზოგადი შენიშვნა |
| General note |
თავფურცელზე : ავტორის მინაწერი |
| 653 ## - INDEX TERM--UNCONTROLLED |
| Uncontrolled term |
ისტორია |
| 653 ## - INDEX TERM--UNCONTROLLED |
| Uncontrolled term |
სამხედრო საქმე |
| 653 ## - INDEX TERM--UNCONTROLLED |
| Uncontrolled term |
საქართველო აღმოსავლეთის ომებში : (ქართველი და რუსი ხალხების საბრძოლო თანამეგობრობის ისტორიიდან). |
| 653 ## - INDEX TERM--UNCONTROLLED |
| Uncontrolled term |
ქართველი და რუსი ხალხების საბრძოლო თანამეგობრობის ისტორია |
| 700 ## - ADDED ENTRY--PERSONAL NAME |
| Personal name |
სიხარულიძე, ი. |
| Relator term |
რედაქტორი |
| 9 (RLIN) |
26645 |
| 942 ## - ADDED ENTRY ELEMENTS (KOHA) |
| Koha item type |
წიგნი |
| Source of classification or shelving scheme |
|